000 03137 a2200325 4500
999 _c343184
_d343184
003 NUST
020 _a1570713960
020 _a9781570713965
038 _aATTA
082 0 4 _a657 DAR
100 1 _aMullis, Darrell.
_925451
245 1 4 _aThe accounting game :
_bbasic accounting fresh from the lemonade stand /
_cDarrell Mullis.
250 _aillustrated edition ed.
260 _a[S.l.] :
_bSourcebooks, Inc.,
_c1998.
300 _a192 p. ;
_c28 cm.
500 _aPaperback.
520 _aBasic Accounting Fresh From the Lemonade Stand The world of accounting can be intimidating. But, more often than not, there's no way to avoid it - even non-financial jobs venture into financial jargon and concepts. For those trying to get more done at the office, organize the dollars and cents in a small business, or just in need of a refresher, there's no reason to turn to the average number-crunching class again. The Accounting Game presents financial information in a format so simple and so unlike a common accounting textbook, you may forget youre learning key skills that will help you get ahead! This book uses the world of a kid's lemonade stand to teach the basics of financial language and records. You'll run your own lemonade stand and make it grow by creating signs to advertise it, borrowing money from Mom, buying lemons and sugar and selling to the whole neighborhood. As you run your stand, you'll begin to understand and apply financial terms and concepts like assets, liabilities, earnings, inventory and notes payable, plus: --Know the difference between accrual vs. cash accounting methods --Create and understand an income statement and balance sheet --Track inventory using LIFO and FIFO --Create cash statements and understand cash flow and liquidity --Apply your new knowledge to real-life situations The revolutionary approach of The Accounting Game takes the typically mundane subjects of accounting and business finance and makes them something you can easily learn, understand, remember and use! "The game approach makes the subject matter most understandable. I highly recommend it to anyone frightened by either numbers or accountants." --John Hernandis, Director of Corporate Communications, American Greetings The Accounting Game is produced by Educational Discoveries, the training industrys leader in accelerative learning technology. More than 70,000 people have graduated from The Accounting Game, the world's most successful one-day financial seminar.
650 4 _aBusiness/Economics.
_9233
650 4 _aFinance & Accounting.
_912733
650 4 _aAccounting (Specific Aspects)
_925452
650 4 _aBusiness / Economics / Finance.
_912732
650 4 _aBusiness & Economics.
_9233
650 4 _aAccounting.
_914627
650 4 _aAccounting - General.
_925453
650 4 _aBusiness & Economics / Accounting / General.
_99974
700 1 _aOrloff, Judith.
_925454
856 4 0 _3Amazon.com
_uhttp://www.amazon.com/exec/obidos/ASIN/1570713960/chopaconline-20
856 4 0 _3Amazon customer reviews
_uhttp://www.chopac.org/cgi-bin/tools/azrev.pl?q=1570713960
942 _aNBS
_cBK
_k657 DAR
_2ddc